00892naa a22002417a 4500001001000000003000900010005001700019007000300036008003400039040005400073041000900127072002000136100001800156111007700174245006400251260004100315500011000356650002000466650002800486650001500514650001400529773010700543BR8903230BR-BrBNA20240918180455.0ta230509b bl.||||| |||| 00| 0 por d aBR-BrBNAbporcBiblioteca Nacional de Agricultura a(Pt) aF30b0170bG5141 aMartins, R.M.1 a16. Reuniao Tecnica Anual do SorgocPelotas, RS (Brazil)d11-14 Aug 19871 aEnsaio nacional de sorgo granifero, Cruz Alta, RS - 1986/873 aCapao do Leao, RS (Brasil): c1987.  aAnais da 16. Reuniao Tecnica Anual do Sorgo Capao do Leao, RS (Brasil): 1987. p. 76-79 (BR8903230-AM)F30  aSORGO GRANIFERO aCOMPETICAO DE VARIEDADE aRENDIMENTO aCRUZ ALTA0 tAnais da 16. Reuniao Tecnica Anual do SorgowF30 BR8903230gCapao do Leao, RS (Brasil), 1987. p. 76-79